Famous People By First Names A-Z - Statistics

General Stats
  • This quiz has been taken 174 times
  • The average score is 19 of 26
Answer Stats
Hint First Names % Correct
G First President of the USA George Washington
98%
D Mother of Prince William and Prince Harry Diana, Princess of Wales
97%
H Younger son of the Prince of Wales Prince Harry
94%
N First man to walk on the moon Neil Armstrong
93%
I English scientist most famous for gravity Isaac Newton
90%
T Forrest Gump Actor Tom Hanks
87%
C Naturalist who developed theory of natural selection Charles Darwin
86%
U Jamaican sprinter who wowed at 2008 and 2012 Olympics Usain Bolt
85%
S One of the world's greatest female tennis players. Her sister plays too Serena Williams
84%
V Dutch Post-Impressionist painter who cut off his ear Vincent van Gogh
82%
P Remarkable Brazilian football hero and humanitarian Pele
79%
Y John Lennon's wife Yoko Ono
79%
Q Pulp Fiction writer/director Quentin Tarantino
78%
R King of England from 1189 to 1199 Richard I
78%
M American author of Tom Sawyer and Huckleberry Finn Mark Twain
77%
F Pioneering Victorian nurse Florence Nightingale
76%
B Irish writer best known for Dracula Bram Stoker
68%
O Took the first flight in a powered aeroplane Orville Wright
68%
L Author of the Alice in Wonderland stories Lewis Carroll
63%
A Powerful ruler of Ancient Greece Alexander the Great
62%
E Explorer, climber and first man to climb Mount Everest Sir Edmund Hillary
61%
W Pioneer of flight with brother Orville Wilbur Wright
59%
J Author of the Harry Potter books J K Rowling
53%
Z The Daughter of Lenny Kravitz and Lisa Bonet Zoe Kravitz
47%
X The fifth king of kings of the Achaemenid dynasty of Persia Xerxes I
40%
K Youngest "self made" billionaire Kylie Jenner
29%
No matching quizzes found
Score Distribution
Percent of People with Each Score
Percentile by Number Answered
Your Score History
You have not taken this quiz